000 01107nam a22002777a 4500
001 9178
003 FISKH
005 20251127101953.0
008 251127b cb ||||| |||| 00| 0 eng d
020 _a9781842504093
040 _aFISKH
_beng
_cFISKH
_dFISKH
082 _a636.9
100 _aAndrews, Jackie
245 _aTabby cat and the cockel :
_bHospital farm /
_cWritten by Jackie Andrews ; Illustrated by Jacqueline East
260 _aQueen Street :
_bBright Sparks,
_c2002.
300 _a32 unnumbered pages :
_bcolor illustrations ;
_c24 cm
505 _aJ
520 _aTabby and the Cockerel is a heartwarming children’s story set on a farm, where a cat named Tabby and a rooster named the Cockerel form an unexpected bond. As the two characters face challenges together, they learn valuable lessons about trust, teamwork, and friendship.
521 8 _a430
_bLexile estimate
521 8 _aJ
_bRaz-Plus
650 _aFarm animals
_vChildren’s literature
650 _aCats
_vFiction
700 _aEast, Jacqueline
_eillustrator
942 _2ddc
_cBK
_n0
999 _c9178
_d9178